000 07285cam a22020294i 4500
003 PE-LiUPU
005 20250813165912.0
008 150706s2009 pe a rb 000 0 spa d
020 _a9789972428791
035 _a(Sirsi) i9789972428791
040 _aPE-LiUPU
_bspa
_cPE-LiUPU
_erda
049 _aPRUA
082 0 4 _a624.9
_bV18
_221
082 0 4 _a624.9
_bV19 2009
_221
100 1 _aValdivia Mercado, Sonia,
_eautor.
245 1 0 _aInstrumentos de gestión ambiental para el sector construcción /
_cSonia Valdivia Mercado.
250 _aSegunda edición.
264 1 _aLima :
_bPUCP,
_c2009.
300 _a262 páginas :
_bilustraciones ;
_c21 centímetros
336 _atext
_2rdacontent
337 _aunmediated
_2rdamedia
338 _avolume
_2rdacarrier
504 _aIncluye bibliografía.
505 0 _aGestión ambiental en el sector de la construccion internacional -- Condiciones de marco para la gestión ambiental en el sector de la construcción -- Aspectos e impactos ambientales en las actividades de la construcción -- Estrategias ambientales -- Instrumentos de gestión ambiental -- Marco normativo de gestión ambiental en la actividad de la construcción en un país europeo. Estudio de caso: Alemania -- Materiales en el sector de la construcción -- Criterios de selección de materiales -- Manejo del asbesto como material tóxico -- Sistema de gestión ambiental en obras de construcción -- Objetivos -- Metodología para el desarrollo de un sistema de gestión ambiental en una obra de construcción -- Implementación de un sistema de gestión ambiental -- Evaluación de los costos y beneficios -- Opciones de reciclaje para fracciones de residuos de la construcción -- Opciones de reciclaje según reglamentos técnicos en Alemania -- Opciones de reciclaje según reglamentos técnicos en Perí -- Requisitos de calidad para fracciones obtenidas de residuos de la construcción -- Factores que influyen en la reutilización de materiales de construcción secundarios -- Factores técnicos -- Factores económicos -- Factores subjetivos: estrategias para la comercialización de materiales reciclados -- Implicancias ambientales del sector de la construcción en el Perú actualizado al 2007.
526 _aP203
526 _aP200
526 _aSEG65
526 _aSEG64
526 _aSEG63
526 _aSEG62
526 _aSEG61
526 _aSEG60
526 _aSEG59
526 _aSEG58
526 _aSEG57
526 _aSEG56
526 _aSEG55
526 _aSEG54
526 _aSEG53
526 _aSEG52
526 _aSEG51
526 _aSEG50
526 _aSEG49
526 _aSEG48
526 _aSEG47
526 _aSEG46
526 _aSEG24
526 _aSEG23
526 _aSEG22
526 _aSEG21
526 _aSEG20
526 _aSEG19
526 _aSEG18
526 _aSEG17
526 _aSEG16
526 _aSEG14
526 _aSEG13
526 _aSEG12
526 _aSEG11
526 _aSEG10
526 _aSEG09
526 _aSEG06
526 _aSEG05
526 _aSEG04
526 _aSEG03
526 _aSEG02
526 _aSEG68
526 _aSEG66
526 _aSEG45
526 _aSEG25
526 _aSEG01
526 _aP163
526 _aP162
526 _aP161
526 _aP160
526 _aP159
526 _aP158
526 _aP157
526 _aP156
526 _aP155
526 _aP154
526 _aP153
526 _aP152
526 _aP151
526 _aP150
526 _aP149
526 _aP142
526 _aP141
526 _aP140
526 _aP139
526 _aP138
526 _aP137
526 _aP132
526 _aP131
526 _aP130
526 _aP126
526 _aP125
526 _aP124
526 _aP123
526 _aP115
526 _aP122
526 _aP121
526 _aP116
526 _a P114
526 _aP112
526 _aP111
526 _aP104
526 _aP103
526 _aP102
526 _aP101
526 _aP100
526 _aP96
526 _aP95
526 _aP93
526 _aP92
526 _aP91
526 _aP88
526 _aP83
526 _aP82
526 _aP79
526 _aP78
526 _aP75
526 _aP74
526 _aP71
526 _aP69
526 _a P51
526 _aP49
526 _aP48
526 _aP47
526 _aP33
526 _aP31
526 _a P30
526 _aP29
526 _aP27
526 _aP26
526 _aP25
526 _aP24
526 _a P22
526 _aP10
526 _aP09
526 _a P08
526 _aP06
526 _aP05
526 _aP04
526 _aP01
526 8 _iPrograma académico :
_5PE-LiUPU
541 _g004-000771;
541 _g015-001551;
541 _g0020-0002812;
541 _g029-803;
650 0 4 _aIndustria de la construcción
_xAspectos ambientales.
650 0 4 _aGestión del medio ambiente.
650 0 4 _aConstruction industry
_xAspects
650 0 4 _aManagement of the environment.
910 _afsr
_cbd
_d20130108
910 _btqv
_cwelc
_d20161116
910 _armch
_btqv
_crmch
_d20170803
910 _adbm
_bksl
_cksl
_d20171115
942 _2ddc
_cBOOK
949 _a624.9 V18
_wDEWEY
_c1
_i66343
_lCCODEBUL1
_mBUL
_p20.00
_r0
_sY
_tBOOK
_u2015-7-6
_xINGENIERIA
_PP06
_o.STAFF. Colección General
949 _a624.9 V18
_wDEWEY
_c2
_i67465
_lCCODEBUL1
_mBUL
_p23.00
_r0
_sY
_tBOOK
_u2015-7-6
_xINGENIERIA
_PP24
_o.STAFF. Colección General
949 _a624.9 V19 2009
_wDEWEY
_c1
_iFJ04169
_lCCODEBUJ1
_mBUJ
_p40.00
_r0
_sY
_tBOOK
_u2016-11-16
_xINGENIERIA
_PP24
_0COMPRA
_o.STAFF. Colección General Juliaca
949 _a624.9 V19 2009
_wDEWEY
_c1
_iFJ08442
_lCCODEBUJ1
_mBUJ
_p17.90
_r0
_sY
_tBOOK
_u2017-08-03
_xINGENIERIA
_PP24
_0COMPRA
_o.STAFF. Colección General Juliaca
994 _aC0
_bPEPRU
596 _a1 3
999 _a624.9 V18
_wDEWEY
_c54604
_i66343
_d54604
_e2017-8-23
_f2021-11-9
_g6
_lCCODEBUL1
_mBUL
_n1
_p20.00
_q1
_r0
_sY
_tBOOK
_u2015-7-6
_xINGENIERIA
_PP06
_0COMPRA
_o.STAFF. Colección General
999 _a624.9 V18
_wDEWEY
_c2
_i67465
_d2017-4-19
_e2017-4-11
_f2021-11-5
_g7
_lCCODEBUL1
_mBUL
_n4
_p23.00
_r0
_sN
_tBOOK
_u2015-7-6
_xBIBLIOTECA
_PP24
_0COMPRA
_o.STAFF. Colección General
999 _a624.9 V18
_wDEWEY
_c3
_i77049
_d2018-8-20
_e2018-8-16
_f2021-11-9
_g4
_lCCODEBUL1
_mBUL
_n1
_p17.94
_r0
_sY
_tBOOK
_u2017-11-15
_xINGENIERIA
_PP06
_0COMPRA
_o.STAFF. Colección Ingeniería y Arquitectura
999 _a624.9 V19 2009
_wDEWEY
_c1
_iFJ04169
_d2018-8-15
_e2018-8-14
_f2022-1-26
_g3
_lCCODEBUJ1
_mBUJ
_n2
_p40.00
_q1
_r0
_sY
_tBOOK
_u2015-10-7
_xINGENIERIA
_PP24
_0COMPRA
_o.STAFF. Colección General Juliaca
999 _a624.9 V19 2009
_wDEWEY
_c2
_iFJ08442
_d2017-9-12
_e2017-9-7
_f2022-1-26
_g4
_lCCODEBUJ1
_mBUJ
_n1
_p18.00
_r0
_sY
_tBOOK
_u2017-8-2
_xINGENIERIA
_PP24
_0COMPRA
_o.STAFF. Colección General Juliaca
980 _81
_gALBERTO SANCHEZ Responsable de Automatización